Văn hóa dân gian người Raglai ở Khánh Hòa
Giới thiệu sơ lược về người Raglai ở Khánh Hòa, mối quan hệ của người Raglai ở Khánh Hòa, các hoạt động văn hóa dân gian trong đời sống, những biểu hiện về văn hóa dân giân và mối quan hệ giao lưu - tiếp biến trong văn hóa dân gian củ...
Zapisane w:
| Format: | Książka |
|---|---|
| Język: | Undetermined |
| Wydane: |
Hà Nội
Văn hóa Dân tộc
2016
|
| Hasła przedmiotowe: | |
| Etykiety: |
Dodaj etykietę
Nie ma etykietki, Dołącz pierwszą etykiete!
|
| Thư viện lưu trữ: | Trung tâm Học liệu Trường Đại học Cần Thơ |
|---|
| LEADER | 00965nam a2200181Ia 4500 | ||
|---|---|---|---|
| 001 | CTU_216993 | ||
| 008 | 210402s9999 xx 000 0 und d | ||
| 082 | |a 398.09597 | ||
| 082 | |b V115/Q.1 | ||
| 245 | 0 | |a Văn hóa dân gian người Raglai ở Khánh Hòa | |
| 245 | 0 | |c Ngô Văn Ban ... [et al.] | |
| 260 | |a Hà Nội | ||
| 260 | |b Văn hóa Dân tộc | ||
| 260 | |c 2016 | ||
| 520 | |a Giới thiệu sơ lược về người Raglai ở Khánh Hòa, mối quan hệ của người Raglai ở Khánh Hòa, các hoạt động văn hóa dân gian trong đời sống, những biểu hiện về văn hóa dân giân và mối quan hệ giao lưu - tiếp biến trong văn hóa dân gian của người Raglai ở Khánh Hòa | ||
| 650 | |a Folklore,Văn hóa dân gian | ||
| 904 | |i Thủy Tiên (Nguyên) | ||
| 980 | |a Trung tâm Học liệu Trường Đại học Cần Thơ | ||